Szczegóły MARC21

PSiCL Poznań Studies in Contemporary Linguistics /

001 -Numer kontrolny rekordu [,]
    • @
    • pole kontrolne
    • aa2001002344
005 -Data i czas ostatniej zmiany [,]
    • @
    • Data ostatniej zmiany
    • 20260428124919.0
022 -Międzynarodowy Znormalizowany Numer Wydawnictwa Ciągłego - ISSN [ , ]
    • a
    • International Standard Serial Number
    • 1732-0747
    • y
    • Błędny ISSN
    • 0137-2459
035 -Inne numery kontrolne [ , ]
    • a
    • Numer kontrolny
    • (OCoLC)168545508
040 -Instytucja sporządzająca opis [ , ]
    • a
    • Instytucja, która sporządziła opis (NP)
    • WA U/DD
    • c
    • Instytucja, która sporządziła rekord (NP)
    • WA U/DD
    • d
    • Instytucja, która zmodyfikowała rekord (P)
    • WA U/EZ
    • d
    • Instytucja, która zmodyfikowała rekord (P)
    • WA U/EZs
    • d
    • Instytucja, która zmodyfikowała rekord (P)
    • WR O/EJ
    • d
    • Instytucja, która zmodyfikowała rekord (P)
    • GD U/MF
    • d
    • Instytucja, która zmodyfikowała rekord (P)
    • LUBL U/AW
    • d
    • Instytucja, która zmodyfikowała rekord (P)
    • CZĘST 010/AB
942 -Rodzaj dokumentu [ , ]
    • c
    • Rodzaj dokumentu
    • Wydaw. ciągłe w tym czasopisma
998 -Inne dane NUKAT [ , ]
    • a
    • Numer systemowy
    • vtls000035070
222 -Tytuł kluczowy [ ,0]
    • a
    • Tytuł kluczowy
    • Poznań Studies in Contemporary Linguistics
245 -Strefa tytułu i oznaczenia odpowiedzialności [0,0]
    • a
    • Tytuł
    • PSiCL Poznań Studies in Contemporary Linguistics /
    • c
    • Pozostałe elementy strefy tytułu i oznaczenia odpowiedzialności (NP)
    • Adam Mickiewicz University Poznań ; edited by Katarzyna Dziubalska-Kołaczyk.
260 -Strefa adresu wydawniczego [ , ]
    • a
    • Miejsce wydania (P)
    • Poznań :
    • b
    • Nazwa wydawcy (P)
    • UAM,
    • c
    • Data wydania (P)
    • 1999-.
300 -Strefa opisu fizycznego [ , ]
    • c
    • Format (NP)
    • 24 cm.
310 -Częstotliwość [ , ]
    • a
    • Częstotliwość
    • Nieregularne
336 -Typ zawartości [ , ]
    • a
    • Termin opisujący typ zawartości
    • Tekst
    • b
    • Typ/rodzaj nośnika
    • txt
    • 2
    • Źródło (termin i kod)
    • rdacontent
337 -Typ mediów [ , ]
    • a
    • Tryb odtwarzania
    • Bez urządzenia pośredniczącego
    • b
    • Kod typu mediów
    • n
    • 2
    • Źródło (termin i kod)
    • rdamedia
338 -Typ/rodzaj nośnika [ , ]
    • a
    • Hasło opisujące typ nośnika
    • Wolumin
    • b
    • Kod typu nośnika
    • nc
    • 2
    • Źródło (termin i kod)
    • rdacarrier
362 -Strefa numeracji [0, ]
    • a
    • Strefa numeracji
    • Vol. 35 (1999)-.
776 -Tytuł wydania na innym nośniku [0, ]
    • t
    • Title
    • Poznań Studies in Contemporary Linguistics
530 -Uwaga dot. innej postaci fizycznej dokumentu [ , ]
    • a
    • Uwaga dot. innej postaci fizycznej dokumentu
    • Dostępne również w wersji elektronicznej.
650 -Hasło przedmiotowe - nazwa pospolita [ ,7]
    • a
    • Hasło przedmiotowe
    • Językoznawstwo
650 -Hasło przedmiotowe - nazwa pospolita [ ,7]
    • a
    • Hasło przedmiotowe
    • Językoznawstwo
    • y
    • Określnik chronologiczny
    • 1990-
655 -INDEX TERM--GENRE/FORM [ ,7]
    • a
    • Genre/form data or focus term
    • Czasopismo filologiczne
655 -INDEX TERM--GENRE/FORM [ ,7]
    • a
    • Genre/form data or focus term
    • Czasopismo naukowe
655 -INDEX TERM--GENRE/FORM [ ,7]
    • a
    • Genre/form data or focus term
    • Czasopismo polskie
700 -Hasło dodatkowe - nazwa osobowa [1, ]
    • a
    • Nazwa osobowa (NP)
    • Dziubalska-Kołaczyk, Katarzyna
    • d
    • Daty biograficzne (NP)
    • (1960- ).
    • e
    • Określenie rodzaju współpracy (NP)
    • Redakcja
710 -Hasło dodatkowe - nazwa ciała zbiorowego [2, ]
    • a
    • Nazwa ciała zbiorowego lub nazwa geograficzna jako pierwszy element (NP)
    • Uniwersytet im. Adama Mickiewicza (Poznań).
    • 4
    • Określenie rodzaju współpracy
    • pbl
776 -Tytuł wydania na innym nośniku [0, ]
    • b
    • Edition
    • (Online)
    • g
    • Relationship information
    • Vol. 43 (2007)-
    • x
    • International Standard Serial Number
    • 1897-7499
    • w
    • Record control number
    • (NUKAT)xx004439537
780 -Tytuł poprzedni wydawnictwa [0,0]
    • t
    • Title
    • Papers and Studies in Contrastive Linguistics
    • g
    • Relationship information
    • 1973-1998
    • x
    • International Standard Serial Number
    • 0137-2459
    • w
    • Record control number
    • (NUKAT)cc99202848
856 -Lokalizacja i sposób dostępu do dokumentu elektronicznego [4,1]
    • 3
    • Wyszczególnienie materiału
    • Vol. 1 (1973)-58 (2022)
    • u
    • URI
    • http://wa.amu.edu.pl/psicl/Back_issues
    • z
    • Uwaga
    • Open Access
952 -Egzemplarz [ , ]
    • c
    • Sygnatura
    • Ac.27
    • d
    • Lokalizacja
    • BM Biblioteka Międzywydziałowa
    • i
    • Nr tomu wydaw.cg
    • Vol.35 (1999)
    • y
    • Status udostępniania
    • Tylko na miejscu
952 -Egzemplarz [ , ]
    • c
    • Sygnatura
    • Ac.27
    • d
    • Lokalizacja
    • BM Biblioteka Międzywydziałowa
    • i
    • Nr tomu wydaw.cg
    • Vol.36 (2000)
    • y
    • Status udostępniania
    • Tylko na miejscu
952 -Egzemplarz [ , ]
    • c
    • Sygnatura
    • Ac.27
    • d
    • Lokalizacja
    • BM Biblioteka Międzywydziałowa
    • i
    • Nr tomu wydaw.cg
    • Vol.39 (2004)
    • y
    • Status udostępniania
    • Tylko na miejscu
952 -Egzemplarz [ , ]
    • c
    • Sygnatura
    • Ac.27
    • d
    • Lokalizacja
    • BM Biblioteka Międzywydziałowa
    • i
    • Nr tomu wydaw.cg
    • Vol.40 (2005)
    • y
    • Status udostępniania
    • Tylko na miejscu
952 -Egzemplarz [ , ]
    • c
    • Sygnatura
    • Cg.10156
    • d
    • Lokalizacja
    • BG Dział Udostępniania Biblioteka Główna
    • i
    • Nr tomu wydaw.cg
    • Vol.35 (1999).
    • y
    • Status udostępniania
    • Tylko na miejscu
952 -Egzemplarz [ , ]
    • c
    • Sygnatura
    • Cg.10156
    • d
    • Lokalizacja
    • BG Dział Udostępniania Biblioteka Główna
    • i
    • Nr tomu wydaw.cg
    • Vol.36 (2000).
    • y
    • Status udostępniania
    • Tylko na miejscu
952 -Egzemplarz [ , ]
    • c
    • Sygnatura
    • Ac.27
    • d
    • Lokalizacja
    • BM Biblioteka Międzywydziałowa
    • i
    • Nr tomu wydaw.cg
    • Vol.42 (2006)
    • y
    • Status udostępniania
    • Tylko na miejscu
952 -Egzemplarz [ , ]
    • c
    • Sygnatura
    • Ac.27
    • d
    • Lokalizacja
    • BM Biblioteka Międzywydziałowa
    • i
    • Nr tomu wydaw.cg
    • Vol.43 1-2 (2007)
    • y
    • Status udostępniania
    • Tylko na miejscu
952 -Egzemplarz [ , ]
    • c
    • Sygnatura
    • Ac.27
    • d
    • Lokalizacja
    • BM Biblioteka Międzywydziałowa
    • i
    • Nr tomu wydaw.cg
    • Vol.44 1-2 (2008)
    • y
    • Status udostępniania
    • Tylko na miejscu
952 -Egzemplarz [ , ]
    • c
    • Sygnatura
    • Ac.27
    • d
    • Lokalizacja
    • BM Biblioteka Międzywydziałowa
    • i
    • Nr tomu wydaw.cg
    • Vol.46 1-4 (2010)
    • y
    • Status udostępniania
    • Tylko na miejscu